MARC

LEADER 00000nam0a2200000 4500
001 297283
005 20231102001007.0
020 |a RU 
035 |a (RuTPU)RU\TPU\book\322416 
035 |a RU\TPU\book\321979 
090 |a 297283 
100 |a 20150606g1985 m a0rusy5003 ca 
101 0 |a rus 
105 |a a z 000zy 
200 1 |a Новеллы моей жизни  |h Кн. 2  |f Н. И. Сац 
205 |a 3-е изд. 
205 |a Стер. 
210 |a Москва  |c Искусство  |d 1985 
215 |a 384 с. 
606 1 |a Музыка  |2 stltpush  |3 (RuTPU)RU\TPU\subj\73462  |9 86458 
606 1 |a Театр  |2 stltpush  |3 (RuTPU)RU\TPU\subj\58738  |9 76490 
610 0 |a музыкальный театр 
610 0 |a режиссура 
610 0 |a культурная жизнь 
610 0 |a детский театр 
610 0 |a советский театр 
610 0 |a СССР 
610 0 |a воспоминания 
675 |a 78  |z rus 
675 |a 792  |z rus 
700 1 |a Сац  |b Н. И.  |c режиссёр, театральный деятель, народный артист СССР  |f 1903-1993  |g Наталия Ильинична  |2 stltpush  |3 (RuTPU)RU\TPU\pers\42099  |9 21481 
801 0 |a RU  |b 63413507  |c 19950704  |g psbo 
801 1 |a RU  |b 63413507  |c 20150603 
801 2 |a RU  |b 63413507  |c 20210329  |g RCR 
942 |c BK